[Event "6th Agzamov Memorial"]
[Site "Tashkent UZB"]
[Date "2012.03.12"]
[Round "7"]
[White "Turov, M."]
[Black "Dzhumaev, M."]
[Result "1-0"]
[WhiteElo "2658"]
[BlackElo "2494"]
[PlyCount "81"]
[EventDate "2012.03.06"]
[EventType "swiss"]
[EventRounds "9"]
[EventCountry "UZB"]
[Source "Mark Crowther"]
[SourceDate "2012.03.12"]

1. c4 Nf6 2. Nc3 g6 3. d4 Bg7 4. e4 d6 5. f4 O-O 6. Nf3 Na6 7. Bd3 e5 8. fxe5
dxe5 9. d5 c6 10. O-O Nc5 11. Bc2 cxd5 12. cxd5 b6 13. Bg5 Ba6 14. Re1 Qd6 15.
a3 Rac8 16. Rc1 Ng4 17. Qd2 f6 18. h3 Nf2 19. Qxf2 fxg5 20. Qe3 Bh6 21. Nh2 Rf4
22. Ng4 Bg7 23. b4 h5 24. bxc5 Qxc5 25. Qxc5 Rxc5 26. Na4 Ra5 27. Nh2 Bf8 28.
Bb3 Bxa3 29. Rc7 Bd6 30. Rc6 Rf6 31. Nf3 g4 32. hxg4 hxg4 33. Rxd6 Rxd6 34.
Nxe5 g3 35. Nc6 Rb5 36. Bc4 Kf8 37. Rf1+ Ke8 38. Nxa7 Ra5 39. Bxa6 Rxa6 40. Nc8
Rd8 41. Naxb6 1-0

[Event "6th Agzamov Memorial"]
[Site "Tashkent UZB"]
[Date "2012.03.12"]
[Round "7"]
[White "Ziatdinov, R."]
[Black "Karimov, I."]
[Result "1-0"]
[WhiteElo "2368"]
[BlackElo "2324"]
[PlyCount "63"]
[EventDate "2012.03.06"]
[EventType "swiss"]
[EventRounds "9"]
[EventCountry "UZB"]
[Source "Mark Crowther"]
[SourceDate "2012.03.12"]

1. e4 d6 2. d4 Nf6 3. Nc3 g6 4. Nf3 Bg7 5. Be2 O-O 6. O-O a6 7. Qd2 b5 8. Qf4
b4 9. Nd1 Bb7 10. e5 Nd5 11. Qh4 e6 12. Qh3 dxe5 13. dxe5 Nd7 14. Qg3 f6 15.
exf6 Qxf6 16. Bg5 Qf7 17. a3 c5 18. Re1 N7b6 19. Ne5 Bxe5 20. Qxe5 Qf5 21. Qxf5
exf5 22. Ne3 Kg7 23. Nc4 Nxc4 24. Bxc4 bxa3 25. bxa3 Rfe8 26. Red1 h6 27. Bd2
Nb6 28. Ba2 Na4 29. Bf4 Re7 30. Rd6 c4 31. Bxc4 Rc8 32. Bd5 1-0

[Event "6th Agzamov Memorial"]
[Site "Tashkent UZB"]
[Date "2012.03.13"]
[Round "8"]
[White "Atabayev, Y."]
[Black "Nodirjanova, N."]
[Result "1-0"]
[WhiteElo "2404"]
[BlackElo "2195"]
[PlyCount "133"]
[EventDate "2012.03.06"]
[EventType "swiss"]
[EventRounds "9"]
[EventCountry "UZB"]
[Source "Mark Crowther"]
[SourceDate "2012.03.19"]

1. e4 e6 2. d4 d5 3. Nc3 Nf6 4. e5 Nfd7 5. Nce2 c5 6. c3 Nc6 7. f4 cxd4 8. Nxd4
Qb6 9. Ngf3 Nc5 10. Qc2 Qc7 11. Be3 Ne4 12. Bd3 f5 13. exf6 Nxf6 14. O-O Be7
15. Ng5 Ng4 16. Bxh7 Bxg5 17. Qg6+ Qf7 18. fxg5 Qxg6 19. Bxg6+ Kd7 20. Nxc6
Kxc6 21. Bf4 Rf8 22. h3 Rxf4 23. Rxf4 Ne5 24. Bc2 Bd7 25. h4 Rh8 26. g3 Kd6 27.
Raf1 Ke7 28. Re1 Kd6 29. Rxe5 Kxe5 30. Rf7 Kd6 31. Rxg7 e5 32. g6 b5 33. Rh7
Rg8 34. h5 e4 35. Kf2 Bg4 36. Ke3 Ke5 37. Rxa7 Bxh5 38. g7 Bg4 39. a3 Be6 40.
Bd1 Kf6 41. Bh5 Kg5 42. Be2 Kf6 43. Rb7 Bf7 44. Rxb5 Rxg7 45. Kf4 Rh7 46. Rb6+
Kg7 47. a4 Rh2 48. Ke3 Rg2 49. g4 Rg3+ 50. Kf2 Rh3 51. a5 d4 52. cxd4 Bd5 53.
Kg2 Re3 54. Kf1 Rh3 55. Rb5 Ba8 56. d5 Kf6 57. Kg2 Rh7 58. Bc4 Ke5 59. Rb8 Ra7
60. a6 Kd4 61. b3 e3 62. Kg3 Kc3 63. Re8 Kd2 64. g5 Bxd5 65. Bxd5 Rxa6 66. Bc4
Ra5 67. Kf4 1-0

[Event "6th Agzamov Memorial"]
[Site "Tashkent UZB"]
[Date "2012.03.13"]
[Round "8"]
[White "Azarov, S."]
[Black "Nakhbayeva, G."]
[Result "1-0"]
[WhiteElo "2667"]
[BlackElo "2276"]
[PlyCount "63"]
[EventDate "2012.03.06"]
[EventType "swiss"]
[EventRounds "9"]
[EventCountry "UZB"]
[Source "Mark Crowther"]
[SourceDate "2012.03.19"]

1. e4 e6 2. d4 d5 3. Nd2 Nf6 4. e5 Nfd7 5. Bd3 c5 6. c3 Nc6 7. Ne2 cxd4 8. cxd4
f6 9. exf6 Qxf6 10. Nf3 h6 11. O-O Bd6 12. Ng3 O-O 13. Bc2 Rf7 14. Be3 Nf8 15.
Rc1 Bd7 16. Re1 Rc8 17. a3 Be8 18. Nh5 Qd8 19. b4 a6 20. Bb1 Rfc7 21. Nf4 Qf6
22. Qd2 Bf7 23. h3 Kh8 24. Nd3 Bg6 25. Nfe5 Bxe5 26. dxe5 Qf7 27. Bc5 Bxd3 28.
Bxd3 Nxe5 29. Rxe5 b6 30. Bxa6 Nd7 31. Bxc8 Nxe5 32. Bd4 1-0

[Event "6th Agzamov Memorial"]
[Site "Tashkent UZB"]
[Date "2012.03.13"]
[Round "8"]
[White "Egin, V."]
[Black "Golod, V."]
[Result "1/2-1/2"]
[WhiteElo "2412"]
[BlackElo "2561"]
[PlyCount "71"]
[EventDate "2012.03.06"]
[EventType "swiss"]
[EventRounds "9"]
[EventCountry "UZB"]
[Source "Mark Crowther"]
[SourceDate "2012.03.19"]

1. e4 c6 2. d4 d5 3. exd5 cxd5 4. c4 Nf6 5. Nc3 Nc6 6. Nf3 Be6 7. c5 g6 8. Bb5
Bg7 9. Ne5 Bd7 10. Bxc6 Bxc6 11. O-O O-O 12. Re1 Nd7 13. Bf4 Nxe5 14. Bxe5 f6
15. Bg3 b6 16. Qg4 f5 17. Qe2 f4 18. Qe6+ Kh8 19. Bh4 Qc8 20. Bxe7 Re8 21. cxb6
axb6 22. Qd6 f3 23. gxf3 Bxd4 24. Rad1 Bg7 25. Bf6 Qd7 26. Qxd7 Bxd7 27. Rxe8+
Rxe8 28. Bxg7+ Kxg7 29. Nxd5 Bc6 30. Rd3 Re2 31. Nb4 Bb5 32. Rd5 Bc4 33. Rd4
Be6 34. Re4 Rxb2 35. Rxe6 Rxb4 36. Kg2 1/2-1/2

[Event "6th Agzamov Memorial"]
[Site "Tashkent UZB"]
[Date "2012.03.13"]
[Round "8"]
[White "Guseinov, G."]
[Black "Iordachescu, V."]
[Result "1/2-1/2"]
[WhiteElo "2616"]
[BlackElo "2644"]
[PlyCount "73"]
[EventDate "2012.03.06"]
[EventType "swiss"]
[EventRounds "9"]
[EventCountry "UZB"]
[Source "Mark Crowther"]
[SourceDate "2012.03.19"]

1. e4 e5 2. Nf3 Nc6 3. Bb5 Nge7 4. O-O g6 5. c3 a6 6. Ba4 Bg7 7. d4 exd4 8.
cxd4 b5 9. Bb3 O-O 10. Nc3 Na5 11. Bg5 h6 12. Bxe7 Qxe7 13. Nd5 Qd8 14. Rc1 Ra7
15. Qc2 c6 16. Qc5 Ra8 17. Ne7+ Kh7 18. Nxc8 Rxc8 19. e5 Nxb3 20. axb3 Re8 21.
Rfe1 Bf8 22. Qc2 d6 23. h4 c5 24. h5 cxd4 25. hxg6+ fxg6 26. Qe4 Bg7 27. Rxc8
Qxc8 28. e6 Bf6 29. Nxd4 Bxd4 30. Qxd4 Rxe6 31. Rd1 h5 32. Qa7+ Kg8 33. Rd3
Qc1+ 34. Kh2 Re1 35. Re3 Rxe3 36. fxe3 Qc6 37. Qe7 1/2-1/2

[Event "6th Agzamov Memorial"]
[Site "Tashkent UZB"]
[Date "2012.03.13"]
[Round "8"]
[White "Ismailov, M."]
[Black "Ismagambetov, An"]
[Result "1-0"]
[WhiteElo "2133"]
[BlackElo "2471"]
[PlyCount "89"]
[EventDate "2012.03.06"]
[EventType "swiss"]
[EventRounds "9"]
[EventCountry "UZB"]
[Source "Mark Crowther"]
[SourceDate "2012.03.19"]

1. d4 Nf6 2. c4 e6 3. Nf3 c5 4. d5 exd5 5. cxd5 d6 6. Nc3 g6 7. Bf4 a6 8. a4
Bg7 9. h3 O-O 10. e3 Re8 11. Be2 Bf5 12. O-O Ne4 13. Qb3 Qc7 14. Nxe4 Rxe4 15.
Rac1 b5 16. axb5 Qb6 17. Rc4 Rxc4 18. Bxc4 axb5 19. Qxb5 Qd8 20. Bg5 f6 21. Bf4
Ra7 22. Qb3 Qc7 23. Nd2 Rb7 24. Qc3 g5 25. Bh2 Bg6 26. b3 f5 27. Qc2 Qd7 28.
Bd3 Ra7 29. Nc4 Na6 30. Qd2 Nb4 31. Bb1 Ra6 32. f4 gxf4 33. Bxf4 Qe7 34. Bg3
Bf7 35. Kh2 Bxd5 36. Rxf5 Be4 37. Bxe4 Qxe4 38. Rf4 Qb1 39. Rg4 h5 40. Rg5 Ra1
41. Be5 dxe5 42. Qd8+ Kh7 43. Rxh5+ Bh6 44. Qe7+ Kg8 45. Qe6+ 1-0

[Event "6th Agzamov Memorial"]
[Site "Tashkent UZB"]
[Date "2012.03.13"]
[Round "8"]
[White "Khusnutdinov, R."]
[Black "Vakhidov, J."]
[Result "1-0"]
[WhiteElo "2500"]
[BlackElo "2396"]
[PlyCount "79"]
[EventDate "2012.03.06"]
[EventType "swiss"]
[EventRounds "9"]
[EventCountry "UZB"]
[Source "Mark Crowther"]
[SourceDate "2012.03.19"]

1. d4 Nf6 2. Nf3 g6 3. c4 Bg7 4. Nc3 d5 5. Bf4 O-O 6. e3 c5 7. dxc5 Qa5 8. Rc1
dxc4 9. Bxc4 Qxc5 10. Bb3 Nc6 11. O-O Qa5 12. h3 Bf5 13. Qe2 Ne4 14. Nxe4 Bxe4
15. Rfd1 Rad8 16. Rxd8 Rxd8 17. Bxf7+ Kxf7 18. Ng5+ Kg8 19. Nxe4 Qxa2 20. Kh2
Qd5 21. Nc5 b6 22. Na6 Be5 23. g3 Bxf4 24. gxf4 e5 25. Nc7 Qe4 26. Qb5 Rd6 27.
Qb3+ Kf8 28. Ne6+ Ke7 29. Ng5 Qf5 30. Qa3 Kd7 31. Qa6 Ke8 32. Qa4 Kd7 33. Ne4
Re6 34. Rd1+ Kc7 35. Nc3 exf4 36. Nb5+ Kb8 37. Rd8+ Kb7 38. Rd7+ Kc8 39. Rc7+
Kd8 40. Qd1+ 1-0

[Event "6th Agzamov Memorial"]
[Site "Tashkent UZB"]
[Date "2012.03.13"]
[Round "8"]
[White "Kotsur, P."]
[Black "Karimov, I."]
[Result "1/2-1/2"]
[WhiteElo "2589"]
[BlackElo "2324"]
[PlyCount "109"]
[EventDate "2012.03.06"]
[EventType "swiss"]
[EventRounds "9"]
[EventCountry "UZB"]
[Source "Mark Crowther"]
[SourceDate "2012.03.19"]

1. Nf3 Nf6 2. d4 b6 3. c4 e6 4. g3 Bb7 5. Bg2 Be7 6. O-O O-O 7. Re1 c5 8. d5 d6
9. Nc3 exd5 10. cxd5 b5 11. Nxb5 Bxd5 12. e4 Bc6 13. Nc3 Na6 14. Nd2 Ne8 15.
Nc4 Rc8 16. Nd5 Nac7 17. Nxe7+ Qxe7 18. b3 Rd8 19. Bb2 Qd7 20. Qc2 Ba8 21. Rad1
f5 22. Nxd6 Nxd6 23. e5 Bxg2 24. Rxd6 Qe7 25. Rxd8 Rxd8 26. Kxg2 g6 27. e6 Nxe6
28. Qc3 Kf7 29. Qe5 Re8 30. h4 Qd8 31. h5 Nf4+ 32. gxf4 Rxe5 33. hxg6+ hxg6 34.
Bxe5 Qd2 35. Re3 Qxa2 36. Rc3 Ke6 37. Rxc5 Qxb3 38. Rc6+ Kd5 39. Rd6+ Kc5 40.
Rxg6 a5 41. Rg3 Qb7+ 42. Rf3 a4 43. Kg3 Qb6 44. Rd3 Qb1 45. Rc3+ Kb5 46. Kh4
Qg1 47. f3 Kb4 48. Rc7 Qg2 49. Rb7+ Kc4 50. Rc7+ Kd5 51. Rc3 Qg6 52. Ra3 Qa6
53. Kg5 Ke6 54. Rc3 Kd5 55. Ra3 1/2-1/2

[Event "6th Agzamov Memorial"]
[Site "Tashkent UZB"]
[Date "2012.03.13"]
[Round "8"]
[White "Kurbonboeva, Sarvinoz"]
[Black "Saidov, B."]
[Result "0-1"]
[WhiteElo "2193"]
[BlackElo "2389"]
[PlyCount "86"]
[EventDate "2012.03.06"]
[EventType "swiss"]
[EventRounds "9"]
[EventCountry "UZB"]
[Source "Mark Crowther"]
[SourceDate "2012.03.19"]

1. c4 Nf6 2. Nc3 e6 3. Nf3 d5 4. d4 c6 5. cxd5 cxd5 6. Bf4 Nc6 7. e3 a6 8. Rc1
Be7 9. Bd3 Nh5 10. Bg3 Nxg3 11. hxg3 h6 12. Bb1 Bd7 13. O-O f5 14. Na4 Bd6 15.
Nc5 Bc8 16. Bd3 O-O 17. a3 Ne7 18. Be2 Ng6 19. Nd3 Qf6 20. Qb3 Bd7 21. Qxb7 Bb5
22. Qb6 Qe7 23. Qa5 h5 24. Qd2 Bxd3 25. Bxd3 h4 26. gxh4 Nxh4 27. Nxh4 Qxh4 28.
f4 a5 29. Rc6 Qe7 30. Rfc1 Kf7 31. Qc2 g5 32. fxg5 Qxg5 33. Qf2 Ke7 34. Qf3 Rg8
35. Kf1 Qh4 36. R6c2 Rg3 37. Qf2 f4 38. e4 f3 39. gxf3 Qh3+ 40. Ke1 Rxf3 41.
Qg1 Bg3+ 42. Kd1 Rxd3+ 43. Ke2 dxe4 0-1

[Event "6th Agzamov Memorial"]
[Site "Tashkent UZB"]
[Date "2012.03.13"]
[Round "8"]
[White "Kvon, A."]
[Black "Solodovnichenko, Y."]
[Result "1/2-1/2"]
[WhiteElo "2493"]
[BlackElo "2615"]
[PlyCount "95"]
[EventDate "2012.03.06"]
[EventType "swiss"]
[EventRounds "9"]
[EventCountry "UZB"]
[Source "Mark Crowther"]
[SourceDate "2012.03.19"]

1. c4 e5 2. Nc3 d6 3. Nf3 f5 4. d4 e4 5. Bg5 Be7 6. Bxe7 Qxe7 7. Nd2 Nf6 8. e3
c6 9. Be2 Na6 10. O-O O-O 11. Qc2 Kh8 12. a3 Nc7 13. b4 d5 14. cxd5 cxd5 15.
Rac1 Ne6 16. f4 Bd7 17. Qb3 Qd6 18. b5 a5 19. bxa6 bxa6 20. Qb4 Qxb4 21. axb4
Rfb8 22. Rb1 Nc7 23. h3 Nb5 24. Rfc1 h5 25. Kf2 Ra7 26. g3 Kh7 27. Na2 Nd6 28.
Rc5 Bb5 29. Nc3 Bxe2 30. Kxe2 Nb5 31. Nd1 Rb6 32. Nb3 Na3 33. Ra1 Nc4 34. b5
Nd6 35. Nc3 Nxb5 36. Rxb5 Rxb5 37. Nxb5 Rb7 38. Nd6 Rxb3 39. Nxf5 Rb2+ 40. Kf1
Rb6 41. Ra5 Re6 42. Nh4 g6 43. Rc5 Rb6 44. Rc7+ Kh6 45. Ra7 Rc6 46. Ke2 Ne8 47.
Rd7 Nf6 48. Ra7 1/2-1/2

[Event "6th Agzamov Memorial"]
[Site "Tashkent UZB"]
[Date "2012.03.13"]
[Round "8"]
[White "Mamedov, Rau"]
[Black "Filippov, An UZB"]
[Result "1/2-1/2"]
[WhiteElo "2624"]
[BlackElo "2637"]
[PlyCount "54"]
[EventDate "2012.03.06"]
[EventType "swiss"]
[EventRounds "9"]
[EventCountry "UZB"]
[Source "Mark Crowther"]
[SourceDate "2012.03.19"]

1. c4 Nf6 2. Nc3 e5 3. Nf3 Nc6 4. g3 Bb4 5. Bg2 O-O 6. O-O Re8 7. d3 a6 8. Nd5
Nxd5 9. cxd5 Nd4 10. Nxd4 exd4 11. e4 dxe3 12. Bxe3 Bf8 13. Rc1 b6 14. Rc3 Bb7
15. Qb3 Bd6 16. Rfc1 Rc8 17. Qa4 Qe7 18. Qg4 g6 19. Qa4 f5 20. Bf4 Bxf4 21.
Qxf4 d6 22. a4 Qg7 23. h4 Re7 24. b4 Rce8 25. a5 b5 26. h5 Qf6 27. h6 Rg7
1/2-1/2

[Event "6th Agzamov Memorial"]
[Site "Tashkent UZB"]
[Date "2012.03.13"]
[Round "8"]
[White "Megaranto, S."]
[Black "Kasyan, A."]
[Result "1-0"]
[WhiteElo "2528"]
[BlackElo "2336"]
[PlyCount "79"]
[EventDate "2012.03.06"]
[EventType "swiss"]
[EventRounds "9"]
[EventCountry "UZB"]
[Source "Mark Crowther"]
[SourceDate "2012.03.19"]

1. h3 Nf6 2. Nf3 g6 3. d4 Bg7 4. c3 b6 5. Bf4 Bb7 6. e3 O-O 7. Nbd2 d6 8. Be2
c5 9. O-O Nbd7 10. a4 a6 11. Bh2 Qc7 12. Qb3 Bc6 13. Rfd1 Qb7 14. Ne1 b5 15.
Bf3 Bxf3 16. Nexf3 Rab8 17. axb5 Qxb5 18. Qxb5 Rxb5 19. b3 Rb6 20. e4 cxd4 21.
cxd4 d5 22. e5 Ne4 23. Nxe4 dxe4 24. Nd2 f5 25. Bf4 Rb4 26. Nc4 Rxb3 27. Rxa6
Nb8 28. Ra7 Nc6 29. Rc7 Nb4 30. Rb7 Rd3 31. Rxd3 Nxd3 32. Bg5 e6 33. Nb6 h6 34.
Be7 Re8 35. Bf6 Bf8 36. Nd7 Rc8 37. d5 f4 38. Kh2 exd5 39. e6 Bg7 40. Bxg7 1-0

[Event "6th Agzamov Memorial"]
[Site "Tashkent UZB"]
[Date "2012.03.13"]
[Round "8"]
[White "Muminova, N."]
[Black "Khailaev, M."]
[Result "1-0"]
[WhiteElo "2327"]
[BlackElo "2185"]
[PlyCount "55"]
[EventDate "2012.03.06"]
[EventType "swiss"]
[EventRounds "9"]
[EventCountry "UZB"]
[Source "Mark Crowther"]
[SourceDate "2012.03.19"]

1. e4 c5 2. Nf3 d6 3. d4 cxd4 4. Nxd4 Nf6 5. Nc3 a6 6. Be2 e5 7. Nb3 Qc7 8. O-O
Be7 9. a4 b6 10. Re1 Nbd7 11. Bg5 Bb7 12. Nd2 h6 13. Bxf6 Nxf6 14. Bc4 O-O 15.
b3 Qc5 16. Qf3 Bc6 17. Qd3 b5 18. axb5 axb5 19. Rxa8 Rxa8 20. Nxb5 Bxb5 21.
Bxb5 Ng4 22. Rf1 Bg5 23. Bc4 Ra1 24. Qf3 Nxf2 25. Qxf7+ Kh7 26. Qf5+ Kh8 27.
Qf8+ Kh7 28. Bg8+ 1-0

[Event "6th Agzamov Memorial"]
[Site "Tashkent UZB"]
[Date "2012.03.13"]
[Round "8"]
[White "Turov, M."]
[Black "Grachev, B."]
[Result "1/2-1/2"]
[WhiteElo "2658"]
[BlackElo "2705"]
[PlyCount "60"]
[EventDate "2012.03.06"]
[EventType "swiss"]
[EventRounds "9"]
[EventCountry "UZB"]
[Source "Mark Crowther"]
[SourceDate "2012.03.19"]

1. d4 d5 2. c4 e6 3. Nc3 Be7 4. cxd5 exd5 5. Bf4 Nf6 6. e3 O-O 7. Bd3 c5 8.
dxc5 Bxc5 9. Nge2 Nc6 10. O-O Be6 11. Rc1 Bd6 12. h3 Rc8 13. Bxd6 Qxd6 14. Nd4
Nxd4 15. exd4 Rfe8 16. Qd2 Bd7 17. Rfe1 h6 18. Rxe8+ Rxe8 19. Re1 Kf8 20. Rxe8+
Bxe8 21. Bc2 a5 22. a3 Qb6 23. Bb1 Bc6 24. Ba2 Kg8 25. Bb1 Kf8 26. Ba2 Kg8 27.
Bb1 Kf8 28. Ba2 Kg8 29. Bb1 Kf8 30. Ba2 Kg8 1/2-1/2

[Event "6th Agzamov Memorial"]
[Site "Tashkent UZB"]
[Date "2012.03.14"]
[Round "9"]
[White "Aripov, I."]
[Black "Atabayev, Y."]
[Result "0-1"]
[WhiteElo "2182"]
[BlackElo "2404"]
[PlyCount "114"]
[EventDate "2012.03.06"]
[EventType "swiss"]
[EventRounds "9"]
[EventCountry "UZB"]
[Source "Mark Crowther"]
[SourceDate "2012.03.19"]

1. d4 Nf6 2. c4 g6 3. Nc3 Bg7 4. e4 d6 5. Nge2 O-O 6. f3 c5 7. Be3 Nc6 8. d5
Ne5 9. Ng3 h5 10. Be2 e6 11. O-O exd5 12. cxd5 a6 13. a4 Nh7 14. Qd2 h4 15. Nh1
f5 16. Nf2 Rb8 17. a5 b5 18. axb6 Rxb6 19. f4 Nd7 20. Bd3 Rb4 21. exf5 gxf5 22.
Qc2 Nb6 23. Bc1 c4 24. Be2 Bd4 25. Bf3 Nf6 26. Rd1 Bc5 27. Kh1 Re8 28. Nh3 Nh7
29. Bd2 Be3 30. Bxe3 Rxe3 31. Qd2 Rd3 32. Qe2 Rxd1+ 33. Rxd1 Bd7 34. Ra1 a5 35.
Qf2 Nc8 36. Rg1 Kf8 37. g4 Qf6 38. g5 Qg7 39. Rg2 Ne7 40. g6 Nf6 41. Qxh4 a4
42. Qg3 a3 43. bxa3 Rb3 44. Qe1 Ng4 45. Rc2 Nxg6 46. Qd2 Nh4 47. Ng5 Nxf3 48.
Nxf3 Rxa3 49. Rc1 Qh8 50. Kg2 Rb3 51. h3 Nh6 52. Nd4 Rb7 53. Nce2 Qg8+ 54. Kh2
Qxd5 55. Qc3 Rc7 56. Qg3 Be8 57. Rg1 Ng4+ 0-1

[Event "6th Agzamov Memorial"]
[Site "Tashkent UZB"]
[Date "2012.03.14"]
[Round "9"]
[White "Begmuratov, Alisher"]
[Black "Atabayev, M."]
[Result "0-1"]
[WhiteElo "2199"]
[BlackElo "2367"]
[PlyCount "144"]
[EventDate "2012.03.06"]
[EventType "swiss"]
[EventRounds "9"]
[EventCountry "UZB"]
[Source "Mark Crowther"]
[SourceDate "2012.03.19"]

1. e4 c5 2. Nf3 d6 3. d4 cxd4 4. Qxd4 Bd7 5. Be3 Nc6 6. Qd2 Nf6 7. Nc3 Rc8 8.
O-O-O Qa5 9. Nd4 Nb4 10. Nb3 Nxa2+ 11. Nxa2 Qxa2 12. Qb4 Qa4 13. Qxb7 Qxe4 14.
Qxe4 Nxe4 15. f3 Nf6 16. Bxa7 e5 17. Bf2 g5 18. Ba6 Ra8 19. Bb7 Ra4 20. Be3 Rg8
21. Rhe1 Be7 22. h3 Kf8 23. c3 Be6 24. Nd2 Nd5 25. Bxd5 Bxd5 26. b3 Ra1+ 27.
Kb2 Rxd1 28. Rxd1 f5 29. c4 Be6 30. Nb1 g4 31. hxg4 fxg4 32. fxg4 Rxg4 33. Rd2
Rg3 34. Bg1 Bg5 35. Bh2 Rg4 36. Re2 Bd7 37. c5 Bb5 38. Rf2+ Ke7 39. cxd6+ Kxd6
40. Nc3 Bc6 41. g3 Ke6 42. Kc2 Rd4 43. Kb2 h6 44. Kc2 h5 45. Kb2 e4 46. Bg1 Rd3
47. Rh2 Bf6 48. Rc2 Rxg3 49. Bf2 Rf3 50. Be1 h4 51. Rh2 h3 52. Kc2 Be5 53. Rh1
h2 54. Ne2 e3 55. Rxh2 Be4+ 56. Kc1 Bxh2 57. Nd4+ Kd5 58. Nxf3 Bxf3 59. b4 Kc4
60. Kc2 Be4+ 61. Kc1 Bd6 62. Kd1 Bf3+ 63. Kc2 Bxb4 64. Bh4 Be4+ 65. Kb2 Kd3 66.
Kb3 Bd2 67. Ka4 e2 68. Kb5 Kc2 69. Kc4 Kd1 70. Bg3 Be1 71. Be5 Bf2 72. Bc3 Be3
0-1

[Event "6th Agzamov Memorial"]
[Site "Tashkent UZB"]
[Date "2012.03.14"]
[Round "9"]
[White "Filippov, An UZB"]
[Black "Iordachescu, V."]
[Result "1-0"]
[WhiteElo "2637"]
[BlackElo "2644"]
[PlyCount "70"]
[EventDate "2012.03.06"]
[EventType "swiss"]
[EventRounds "9"]
[EventCountry "UZB"]
[Source "Mark Crowther"]
[SourceDate "2012.03.19"]

1. e4 c6 2. d4 d5 3. Nc3 dxe4 4. Nxe4 Bf5 5. Ng3 Bg6 6. h4 h6 7. Nf3 Nd7 8. h5
Bh7 9. Bd3 Bxd3 10. Qxd3 e6 11. Bd2 Ngf6 12. O-O-O Be7 13. Ne4 Nxe4 14. Qxe4
Nf6 15. Qd3 c5 16. Qb5+ Qd7 17. Qxd7+ Nxd7 18. Be3 cxd4 19. Bxd4 Nf6 20. Ne5
O-O 21. g4 Rfc8 22. Kb1 b5 23. f4 Nh7 24. c3 Rc7 25. Rd3 Rac8 26. a3 Rb7 27. b4
f5 28. gxf5 exf5 29. Ng6 Bd8 30. Kb2 Nf6 31. Nh4 Nxh5 32. Nxf5 Nxf4 33. Rf3 Ne6
34. Bxg7 Ng5 35. Rff1 Rd7 1-0

[Event "6th Agzamov Memorial"]
[Site "Tashkent UZB"]
[Date "2012.03.14"]
[Round "9"]
[White "Golod, V."]
[Black "Khamrakulov, D."]
[Result "1-0"]
[WhiteElo "2561"]
[BlackElo "2452"]
[PlyCount "71"]
[EventDate "2012.03.06"]
[EventType "swiss"]
[EventRounds "9"]
[EventCountry "UZB"]
[Source "Mark Crowther"]
[SourceDate "2012.03.19"]

1. d4 d5 2. c4 e6 3. Nf3 Nf6 4. Nc3 Be7 5. Bg5 O-O 6. e3 b6 7. cxd5 exd5 8. Bd3
c6 9. Ne5 Nfd7 10. Bf4 Nxe5 11. dxe5 Ba6 12. O-O Qd7 13. Bg3 Rd8 14. Qe2 Bxd3
15. Qxd3 Qe6 16. Ne2 Qg6 17. Qxg6 hxg6 18. Rfd1 Na6 19. Nd4 Rac8 20. Rac1 Bc5
21. Rc3 Bxd4 22. exd4 Nc7 23. Bh4 Re8 24. Rxc6 Ne6 25. Rd6 g5 26. Bg3 Red8 27.
h4 gxh4 28. Bxh4 Rxd6 29. exd6 g5 30. Bg3 Kf8 31. Rd3 Ke8 32. Be5 Rc1+ 33. Kh2
Rc2 34. Ra3 Rxb2 35. Rxa7 Rxf2 36. Kg1 1-0

[Event "6th Agzamov Memorial"]
[Site "Tashkent UZB"]
[Date "2012.03.14"]
[Round "9"]
[White "Grachev, B."]
[Black "Mamedov, Rau"]
[Result "1/2-1/2"]
[WhiteElo "2705"]
[BlackElo "2624"]
[PlyCount "60"]
[EventDate "2012.03.06"]
[EventType "swiss"]
[EventRounds "9"]
[EventCountry "UZB"]
[Source "Mark Crowther"]
[SourceDate "2012.03.19"]

1. d4 Nf6 2. c4 g6 3. Nc3 Bg7 4. e4 d6 5. Nf3 O-O 6. Be2 c5 7. O-O cxd4 8. Nxd4
Nc6 9. Be3 Nxd4 10. Bxd4 Bd7 11. Rc1 Bc6 12. f3 a5 13. b3 Nd7 14. Bxg7 Kxg7 15.
Qd4+ Kg8 16. Rfd1 Rc8 17. a3 Qb6 18. Qxb6 Nxb6 19. b4 axb4 20. axb4 Na4 21.
Nxa4 Bxa4 22. Rd3 Rc7 23. Rdc3 Rfc8 24. Kf2 Bd7 25. Ke3 Kg7 26. h4 h5 27. g3
Ra8 28. c5 Rac8 29. Kd2 dxc5 30. Rxc5 Rxc5 1/2-1/2

[Event "6th Agzamov Memorial"]
[Site "Tashkent UZB"]
[Date "2012.03.14"]
[Round "9"]
[White "Guseinov, G."]
[Black "Khusnutdinov, R."]
[Result "1/2-1/2"]
[WhiteElo "2616"]
[BlackElo "2500"]
[PlyCount "55"]
[EventDate "2012.03.06"]
[EventType "swiss"]
[EventRounds "9"]
[EventCountry "UZB"]
[Source "Mark Crowther"]
[SourceDate "2012.03.19"]

1. e4 e5 2. Nf3 Nc6 3. Bb5 a6 4. Bxc6 dxc6 5. O-O Qd6 6. d3 Ne7 7. Nbd2 f6 8.
Nc4 Qe6 9. Be3 Ng6 10. a4 b6 11. Nfd2 Be7 12. Qh5 Qf7 13. Kh1 Be6 14. f4 exf4
15. Bxf4 Nxf4 16. Qxf7+ Bxf7 17. Rxf4 O-O-O 18. Ne3 Rhe8 19. Rg4 Bf8 20. Rf1 b5
21. Rg3 Rd7 22. Rh3 Bg6 23. Nf5 Kb7 24. Nh4 Bf7 25. Nf5 Bg6 26. Nh4 Bf7 27. Nf5
Bg6 28. Nh4 1/2-1/2

[Event "6th Agzamov Memorial"]
[Site "Tashkent UZB"]
[Date "2012.03.14"]
[Round "9"]
[White "Ismagambetov, An"]
[Black "Tillyaev, U."]
[Result "1-0"]
[WhiteElo "2471"]
[BlackElo "2214"]
[PlyCount "87"]
[EventDate "2012.03.06"]
[EventType "swiss"]
[EventRounds "9"]
[EventCountry "UZB"]
[Source "Mark Crowther"]
[SourceDate "2012.03.19"]

1. d4 d5 2. c4 e6 3. Nf3 c6 4. e3 Bd6 5. b3 f5 6. Be2 Nf6 7. O-O O-O 8. Ba3
Bxa3 9. Nxa3 Qe7 10. Nc2 Nbd7 11. Nce1 Ne4 12. Nd3 Rf6 13. Nfe5 Rh6 14. g3 g5
15. f3 Nd6 16. Qd2 Nf7 17. Nxf7 Qxf7 18. Rf2 Qg7 19. Bf1 Rf6 20. Re1 Rf8 21. e4
dxe4 22. fxe4 Nf6 23. e5 Ng4 24. Rfe2 b6 25. Bh3 h5 26. Bg2 Bb7 27. h3 Nh6 28.
Nb4 Rac8 29. d5 cxd5 30. cxd5 a5 31. Nc6 Bxc6 32. dxc6 f4 33. Rf2 g4 34. Rxf4
gxh3 35. Rxf8+ Rxf8 36. Bxh3 Kh8 37. Qc3 Qe7 38. Qe3 Kh7 39. Rd1 Nf7 40. Rd7
Qe8 41. Qg5 Rg8 42. Qxh5+ Kg7 43. Qf3 Kf8 44. Rb7 1-0

[Event "6th Agzamov Memorial"]
[Site "Tashkent UZB"]
[Date "2012.03.14"]
[Round "9"]
[White "Ismailov, M."]
[Black "Potapov, P."]
[Result "1-0"]
[WhiteElo "2133"]
[BlackElo "2473"]
[PlyCount "95"]
[EventDate "2012.03.06"]
[EventType "swiss"]
[EventRounds "9"]
[EventCountry "UZB"]
[Source "Mark Crowther"]
[SourceDate "2012.03.19"]

1. d4 f5 2. c4 Nf6 3. Nc3 d6 4. Nf3 g6 5. g3 Bg7 6. Bg2 O-O 7. O-O Qe8 8. d5 a5
9. Ne1 Na6 10. Nd3 e5 11. dxe6 Qxe6 12. Nd5 Ne4 13. Be3 Qf7 14. Rb1 b6 15. h4
Bb7 16. N3f4 Nac5 17. Bd4 Be5 18. e3 b5 19. Qc2 c6 20. Nc3 bxc4 21. Rfc1 Bxf4
22. exf4 Rfe8 23. Nxe4 Nxe4 24. b3 c5 25. Ba1 d5 26. Be5 d4 27. bxc4 Re7 28.
Rb5 Rd7 29. Qd3 Bc6 30. Rb6 Rc8 31. Rcb1 Rb7 32. Rxb7 Bxb7 33. Rb6 Qd7 34. g4
Ba8 35. gxf5 Qxf5 36. Bh3 Qh5 37. Bxc8 Qxh4 38. Be6+ Kf8 39. Qf3 d3 40. Bd6+
Kg7 41. Be5+ Kh6 42. Qh3 Qxh3 43. Bxh3 Nd2 44. Rd6 Be4 45. Bg4 Nxc4 46. Rd7 g5
47. f3 Bc6 48. Bg7+ 1-0